| 000 | 00505nam a2200181Ia 4500 | ||
|---|---|---|---|
| 003 | GCL | ||
| 008 | 140319s9999 xx 000 0 ara d | ||
| 040 |
_aGCL / _cGCL |
||
| 082 | 0 | 4 |
_a220 _bع ا |
| 100 | 1 | _aعيسى متولى | |
| 245 | 1 | 0 |
_aايام عشتها / _cعيسى متولى |
| 300 | _a143 ص | ||
| 490 |
_aالهيئة العامة للاستعلامات _v0 |
||
| 650 | 0 | 4 | _aالامثال |
| 650 | 0 | 4 | _aالقران - احكام |
| 650 | 0 | 4 | _aالقران - ادعية |
| 942 |
_2ddc _cBK |
||
| 999 |
_c50942 _d50942 |
||